Vista normal
Vista MARC
Entrada Materia (personas)
Número de registros utilizados en: 1
001 - CONTROL NUMBER
- control field: 177421
003 - CONTROL NUMBER IDENTIFIER
- control field: Co-BoUCM
005 - DATE AND TIME OF LATEST TRANSACTION
- control field: 20230511070301.0
008 - FIXED-LENGTH DATA ELEMENTS
- fixed length control field: 230511|| aca||aabn | a|a d
040 ## - CATALOGING SOURCE
- Original cataloging agency: Co-BoUCM
- Transcribing agency: Co-BoUCM
100 ## - HEADING--PERSONAL NAME
- Personal name: Tobio, Luis, tr
670 ## - SOURCE DATA FOUND
- Source citation: Work cat.: (Co-BoUCM): Hesse, Hermann 1877-1962 68039, Narciso y Goldmundo, 2019